Hoá học hữu cơ : Giáo trình cho các trường đại học

Những khái niệm, những qui luật cơ bản của hoá học hữu cơ như lý thuyết về liên kết, các hiệu ứng, khái niệm về lượng tử hữu cơ, tác nhân và các loại phản ứng hữu cơ...

محفوظ في:
التفاصيل البيبلوغرافية
المؤلف الرئيسي: Hoàng, Trọng Yêm
التنسيق: كتاب
اللغة:Undetermined
منشور في: Hà Nội Khoa học và Kỹ thuật 2005
الموضوعات:
الوسوم: إضافة وسم
لا توجد وسوم, كن أول من يضع وسما على هذه التسجيلة!
Thư viện lưu trữ: Trung tâm Học liệu Trường Đại học Cần Thơ
LEADER 00952nam a2200217Ia 4500
001 CTU_120011
008 210402s9999 xx 000 0 und d
020 |c 31000 
082 |a 547 
082 |b Y253/T.1 
100 |a Hoàng, Trọng Yêm 
245 0 |a Hoá học hữu cơ : 
245 0 |b Giáo trình cho các trường đại học 
245 0 |c Hoàng Trọng Yêm (Chủ biên) 
260 |a Hà Nội 
260 |b Khoa học và Kỹ thuật 
260 |c 2005 
520 |a Những khái niệm, những qui luật cơ bản của hoá học hữu cơ như lý thuyết về liên kết, các hiệu ứng, khái niệm về lượng tử hữu cơ, tác nhân và các loại phản ứng hữu cơ... 
650 |a Chemistry, organic 
904 |i Nguyên (sửa số pl 547/Y602 thành 547/Y253) 
980 |a Trung tâm Học liệu Trường Đại học Cần Thơ